| 000 | nam a22 a 4500 | ||
|---|---|---|---|
| 999 |
_c60499 _d60499 |
||
| 003 | BLK | ||
| 005 | 20221124083910.0 | ||
| 008 | 180408b bul|||||r ||||||| ||bul|| | ||
| 010 | _aKNG00064671000 | ||
| 040 | _aBLK | ||
| 041 |
_aBUL _cBUL |
||
| 080 |
_aБългарска литература _b821.163.2 _x-8 _z821.163.2-8 |
||
| 100 | 1 |
_aГанчовски, Неделчо Цветков _eпърви автор _9289977 |
|
| 139 |
_aГанчовски, Неделчо Цветков _bГ 22 |
||
| 245 | 1 | 0 |
_aБдения _bФейлетони, памфлети, есета и статии _cНеделчо Цветков Ганчовски; ил. Карандаш; * Цветан Иванов Цеков |
| 257 | _aBGR | ||
| 260 |
_aСофия _bПартиздат _c1979 |
||
| 300 |
_a256 с. _bс ил. _c21 см |
||
| 380 | _aX | ||
| 500 | _aКарандаш е псевд. на Цветан Иванов Цеков. | ||
| 700 | 1 |
_aКарандаш _eил. _gЦеков, Цветан Иванов _976792 |
|
| 700 | 1 |
_aЦеков, Цветан Иванов _e* _9289978 |
|
| 852 |
_aЦб 97017 _bЦб |
||
| 856 | 4 |
_qpdf _i0.00 _ldisable |
|
| 942 |
_cKNG _n0 _s1 |
||
| 944 |
_aCR _c14.09.2016 _kСевдалина_Василева |
||
| 944 |
_aED _c14.09.2016 _kСевдалина_Василева |
||